Shifta / (Record no. 7149)
[ view plain ]
| 000 -LEADER | |
|---|---|
| fixed length control field | 00725nam a2200253 4500 |
| 001 - CONTROL NUMBER | |
| JCCL Control Number | 7149 |
| 003 - CONTROL NUMBER IDENTIFIER | |
| JCCL marc code | UkOxU |
| 005 - DATE AND TIME OF LATEST TRANSACTION | |
| control field | 20180224174020.0 |
| 008 - FIXED-LENGTH DATA ELEMENTS--GENERAL INFORMATION | |
| fixed length control field | 741018s1958 xxka j 000 0 eng d |
| 035 ## - SYSTEM CONTROL NUMBER | |
| system control number | (BD-JChh)7149 |
| 040 ## - CATALOGING SOURCE | |
| Original cataloging agency | UKM |
| Transcribing agency | UKM |
| Modifying agency | EQO |
| 041 ## - LANGUAGE CODE | |
| Language code of Book | eng |
| 082 04 - DEWEY DECIMAL CLASSIFICATION NUMBER | |
| Classification number | 823.91 |
| -- | J |
| DDC Edition number | 18 |
| Author mark and Year | WAT 1958 |
| 100 1# - MAIN ENTRY--PERSONAL NAME | |
| Personal name | Watson Reginald Forbes |
| 245 10 - TITLE STATEMENT | |
| Title | Shifta / |
| Statement of responsibility, etc | Reginald Forbes-Watson,, Illustrated by Joan Kiddell-Monroe. |
| 260 ## - PUBLICATION, DISTRIBUTION, ETC. (IMPRINT) | |
| Name of publisher, distributor, etc | Oxford University Press, |
| Date of publication, distribution, etc | 1958. |
| 300 ## - PHYSICAL DESCRIPTION | |
| Pagination | 186 p. : |
| Other physical details | ill. ; |
| Dimensions | 20 cm. |
| 490 1# - SERIES STATEMENT | |
| Series statement | Oxford Children's Library |
| 500 ## - GENERAL NOTE | |
| General note | Originally published (B54-7479) 1954. |
| 650 ## - SUBJECT ADDED ENTRY--TOPICAL TERM | |
| Topical term or geographic name as entry element | Children stories |
| 830 #0 - SERIES ADDED ENTRY--UNIFORM TITLE | |
| Uniform title | Oxford Children's Library |
| 942 ## - ADDED ENTRY ELEMENTS (KOHA) | |
| Source of classification or shelving scheme | Dewey Decimal Classification |
| Koha item type | Books |
| Source of classification or shelving scheme | Damaged status | Not for loan | Home library | Current library | Shelving location | Total Checkouts | Full call number | Barcode | Date last seen | Copy number | Koha item type |
|---|---|---|---|---|---|---|---|---|---|---|---|
| Dewey Decimal Classification | JCC Rouf Library | JCC Rouf Library | General Stacks | 823.91 WAT 1958 | 8865 | 02/05/2018 | C - 1 | Books | |||
| Dewey Decimal Classification | JCC Rouf Library | JCC Rouf Library | General Stacks | 823.91 WAT 1958 | 9767 | 02/06/2018 | C - 2 | Books |